2023 College Basketball AP Poll - Statistics

General Stats
  • This quiz has been taken 28 times
    23 since last reset
  • The average score is 13 of 25
Answer Stats
Rank Answer % Correct
#15 Kansas State
100%
#11 Baylor
82%
#2 Houston
82%
#4 Kansas
82%
#1 Alabama
73%
#12 Duke
73%
#16 Miami (FL)
73%
#3 Purdue
73%
#10 UConn
73%
#18 San Diego State
64%
#5 Texas
64%
#7 UCLA
64%
#9 Gonzaga
45%
#21 Indiana
45%
#20 Tennessee
45%
#8 Arizona
36%
#6 Marquette
36%
#14 Virginia
36%
#23 Missouri
27%
#19 St. Mary's CA
27%
#13 Xavier
27%
#22 TCU
18%
#25 Florida-Atlantic
9%
#24 Memphis
9%
#17 TAMU
0%
No matching quizzes found
Score Distribution
Percent of People with Each Score
Percentile by Number Answered
Your Score History
You have not taken this quiz since the last reset